| 000 | 01349nam0a2200337 4500 | ||
|---|---|---|---|
| 001 | RU\NLR\bibl\737188 | ||
| 005 | 20250614001810.0 | ||
| 021 |
_aRU _b2004-29867п _91195 |
||
| 035 | _a(NLR Aleph) 000727104 | ||
| 090 |
_a739267 _c739267 |
||
| 100 | _a20050318d2004 |||y0rusy50 ca | ||
| 101 | 0 | _arus | |
| 102 | _aRU | ||
| 105 | _aa ||||||||| | ||
| 200 | 1 |
_aШум и его воздействие на человека _fА.И. Комкин |
|
| 210 |
_aМ. _cНовые технологии _d2004 |
||
| 215 |
_a16 с. _cил. _d29 |
||
| 225 | 1 | _aШкола БЖД | |
| 300 | _aНа 16-й с. авт.: Комкин А.И., к.т.н., доц. | ||
| 311 | _aПрил. к журн. "Безопасность жизнедеятельности: БЖД". - 2004. - N° 9 | ||
| 320 | _aБиблиогр.: с. 16 (11 назв.) | ||
| 422 | 0 |
_12001#$aБезопасность жизнедеятельности: БЖД$v2004, N° 9 _tБезопасность жизнедеятельности: БЖД |
|
| 606 | 0 |
_aШумы _xВлияние на организм _91251796 _3RU\NLR\auth\66195547 |
|
| 686 | _aР120.111.1 | ||
| 700 | 1 |
_aКомкин _bА. И. _gАлександр Иванович _4070 |
|
| 801 | 0 |
_aRU _bNLR _c20050318 _gPSBO |
|
| 801 | 1 |
_aRU _bNLR _c20050318 |
|
| 852 |
_aNLR _jП11/4439 |
||
| 942 | _cBOOK | ||
| 980 | _aNB | ||